Your guide to investment trading : With special reference to Singapore and Malaysia

保存先:
書誌詳細
第一著者: King, Rodney
フォーマット: 図書
言語:Undetermined
出版事項: Singapore Bradford Press 1996
主題:
タグ: タグ追加
タグなし, このレコードへの初めてのタグを付けませんか!
Thư viện lưu trữ: Trung tâm Học liệu Trường Đại học Cần Thơ
LEADER 00541nam a2200193Ia 4500
001 CTU_105554
008 210402s9999 xx 000 0 und d
082 |a 332.673 
082 |b K52 
100 |a King, Rodney 
245 0 |a Your guide to investment trading : 
245 0 |b With special reference to Singapore and Malaysia 
245 0 |c Rodney King 
260 |a Singapore 
260 |b Bradford Press 
260 |c 1996 
650 |a Investment analysis 
904 |i Nguyên 
980 |a Trung tâm Học liệu Trường Đại học Cần Thơ